Регионална библиотека "Любен Каравелов" - Русе

[ЕсОуЕс] SOS!!! Разглезено дете! (Запис номер 135494)

MARC детайли
000 -Лидер
Контролно поле с фиксирана дължина 02015nam a2200421 c 4500
003 - Код на организацията, давaща контролен номер
Контролно поле BLK
005 - Дата и час на последна редакция
Контролно поле 20250327103131.0
008 - Елементи от данни с фиксирана дължина
fixed length control field 180409b bul|||||r ||||||| ||bul||
010 ## - Наследен системен номер
LC control number KNG00141420000
020 ## - Международен стандартен номер на книга ISBN
Международен стандартен номер на книга ISBN 978-954-742-159-2
-- издат.: Слънце
040 ## - Източник на каталожния запис
Идентификатор на билиотеката - собственик на записа BLK
041 ## - Код за език
Код за езика на текст/звукозапис или на отделно заглавие Български
Код за езика КДБФ Български
072 #7 - Код за тематичната категория
Код организация bullib
Код за тематична категория Н15
Текст Психология Н
080 ## - УДК
Текстов определител УДК Психология на детската възраст. Интелектуално развитие на децата. Психически особености. Детски представи, описани в разкази
УДК код - определител по УДК 159.922.7
УДК определител (02.062)
УДК - код + определител 159.922.7(02.062)
080 ## - УДК
Текстов определител УДК Възпитание у дома. Семейно възпитание
УДК код - определител по УДК 37.018.1
УДК определител (02.062)
УДК - код + определител 37.018.1(02.062)
100 1# - Редна дума - Автор
Автор Бромфийлд, Ричард
Авторска отговорност първи автор
R(LIN) 324866
139 ## - Редно поле
Редна дума Бромфийлд, Ричард
Авторски знак Бро - Б 82
245 10 - Сведения за заглавието
Заглавие [ЕсОуЕс] SOS!!! Разглезено дете!
Подзаглавни данни Как да го превъзпитаме
Редно поле (дума) Ричард Бромфийлд; прев. Диана Петрова.
257 ## - Страна на издаване
Страна на създаване/издаване Съединени американски щати
260 ## - Област на издателските данни
-- София
Име на издателя, разпространителя и проч. Слънце
Година на издаване 2011
Печатница София : Инвестпрес
300 ## - Физическа характеристика
Страници 144 с.
Размери/Мащаб 20 см
380 ## - Жанр
Жанр Обществени науки
490 1# - СЕРИИ (Колекции)
Име на серия Книги за родители
500 ## - Общи забележки
Забележка Ориг. загл. How to Unspoil Your Child Fast / Richard Bromfield.
650 #4 - Допълнително описание по предмет – тема
Основно описание – тема или топоним Детска и педагогическа психология
9 (RLIN) 244538
650 #4 - Допълнително описание по предмет – тема
Основно описание – тема или топоним Семейно възпитание
9 (RLIN) 263959
653 ## - Ключова дума – ненормативна
Ключова дума детска психология
653 ## - Ключова дума – ненормативна
Ключова дума педагогическа психология
653 ## - Ключова дума – ненормативна
Ключова дума семейно възпитание
659 ## - Тематичен бюлетин
Тематичен бюлетин Н
700 1# - Други автори (авторска отговорност)
Лично име Петрова, Диана
Автороска отговорност (Описва отношението между автора и произведението) прев.
9 (RLIN) 368666
852 ## - Местоположение
Форматна сигнатура Цб 258989
856 4# - Електронен адрес и достъп
Електронен формат pdf - файл
Път до файла /url/
856 4# - Електронен адрес и достъп
Електронен формат pdf - файл
Път до файла /url/
942 ## - АРТИКУЛИ
Вид на библиотечния материал Книги
Скрит в OPAC Не
Koha issues (borrowed), all copies 13
944 ## - СЪЗДАВАНЕ И РЕДАКЦИЯ на ЗАПИСА
Създаване/Редакция Създаване
Дата на регистрацията/редакция 01.04.2013
Статус, дата на статуса Цветомила Тодорова
Служител, извършил регистрацията/редакцията 30576
944 ## - СЪЗДАВАНЕ И РЕДАКЦИЯ на ЗАПИСА
Създаване/Редакция Редакция
Дата на регистрацията/редакция 09.06.2017
Статус, дата на статуса ф /
Служител, извършил регистрацията/редакцията Людмила_Стоянова
999 ## - СИСТЕМНИ КОНТРОЛНИ НОМЕРА
Koha biblionumber 135494
Koha biblioitemnumber 135494
Наличности
Код за отписване Код за изгубен артикул Код за повреда Коз за рестрикции Код за отдаване Артикулен № Име на библиотеката - собственик Име на библиотеката, в която се намира в момента Статус (Текущо местоположение) Дата на вписване в системата Местоположение - отдел Цена в лева Инвентарен номер Систематично азбучна сигнатура Баркод Номер на екземпляра Цена в евро Служебна бележка Служебен тип на артикула Източник на класификационната схема
  Не е изгубен Не е повреден без рестрикции ползва се в читалня 221488 Регионална библиотека "Любен Каравелов" Русе Регионална библиотека "Любен Каравелов" Русе Хранилище 2013-04-03 Хранилище 10.00 120000765396 Цб 258989 120000765396 1 5.11 Дост: Dp Вид: Д N: 1 Дата: 09.01.2012 Книги  
  Не е изгубен Не е повреден без рестрикции заемане за дома 221489 Регионална библиотека "Любен Каравелов" Русе Регионална библиотека "Любен Каравелов" Русе Заемна - подръчен фонд 2014-06-18 Заемна - подръчен фонд 5.00 120000778300 П 159.922.7/Б 82 120000778300 2 2.56 Дост: DA Вид: А N: 9 Дата: 18.06.2014 Дата инв: 01.02.2018 Бележки инв: П2018 Книги Universal Decimal Classification
  Не е изгубен Не е повреден без рестрикции заемане за дома 221490 Регионална библиотека "Любен Каравелов" Русе Регионална библиотека "Любен Каравелов" Русе Заемна - подръчен фонд 2015-12-21 Заемна - подръчен фонд 5.00 120000796155 П 159.922.7/Б 82 Р 120000796155 3 2.56 Дост: Pk Вид: Ф N: 449 Дата: 14.12.2015 Дата инв: 17.02.2018 Бележки инв: П2018 Книги Universal Decimal Classification
  Не е изгубен Не е повреден без рестрикции заемане за дома 221491 Регионална библиотека "Любен Каравелов" Русе Регионална библиотека "Любен Каравелов" Русе Заемна - подръчен фонд 2016-06-04 Заемна - подръчен фонд 5.00 120000800712 П 159.922.7/Б 82 Р 120000800712 4 2.56 Дост: Pk Вид: Ф N: 463 Дата: 03.06.2016 Дата инв: 01.02.2018 Бележки инв: П2018 Книги Universal Decimal Classification
  Не е изгубен Не е повреден без рестрикции заемане за дома 221492 Регионална библиотека "Любен Каравелов" Русе Регионална библиотека "Любен Каравелов" Русе Заемна - подръчен фонд 2017-05-26 Заемна - подръчен фонд 3.00 120000811328 П 159.922.7/Б 82 Р 120000811328 5 1.53 Дост: Pk Вид: Ф N: 490 Дата: 26.05.2017 Дата инв: 01.02.2018 Бележки инв: П2018 Книги Universal Decimal Classification
Vip Innovations Ltd, Rousse, Bulgaria 2025